000
00302 a2200097 4500
020
_a
9789370980167
100
_a
Babu Ramachandran
245
_a
Paranjutheeratha vallatha kathakal(പറഞ്ഞുതീരാത്ത വല്ലാത്ത കഥകൾ)
260
_b
D C books
_c
2025
942
_c
OO
999
_c
115326
_d
115325